000 00310nam a2200109Ia 4500
008 200302s9999 xx 000 0 und d
100 _aVictor olgyay
245 _a Design with climate bloclimatic approach to architectural regionalism
260 _bPrinceton Architectural Press
260 _c2015
300 _a190
999 _c5966
_d5966